000 00775nam a22002297a 4500
003 OSt
005 20140310181929.0
008 130722t xxu||||| |||| 00| 0 eng d
020 _a059086565x
050 _aLB 1576
_b.T923 1996
082 _aTRE 372.623
_bT82 1996
100 _aTully, Marianne
_9664
245 _aHelping students revise their writing :
_b practical strategies, models, and mini-lesson that motivate students to become better writers /
_cMarianne Tully
260 _aNew York :
_bScholastic,
_cc1996.
300 _a112 p.
_bill. ;
_c27 cm.
521 _aFaculty
541 _j1
562 _e1
650 _aWriting
_xStudy and teaching (Elementary)
_92536
650 _aReading
_xStudy and teaching (Elementary)
_92537
942 _2lcc
_cBK-TR
_kTRE
999 _c7264
_d7264